טוען...
Kuthirakal
| מחבר ראשי: | |
|---|---|
| פורמט: | Printed Book |
| יצא לאור: |
Kozhikkode, Haritham Books
2005
|
| נושאים: |
| LEADER | 005220000a22001690004500 | ||
|---|---|---|---|
| 040 | |a MAL | ||
| 082 | |a A3 SUD2/KU P5 | ||
| 100 | |a Sudhakaran, K K; Author | ||
| 245 | |a Kuthirakal | ||
| 260 | |a Kozhikkode, Haritham Books | ||
| 260 | |c 2005 | ||
| 460 | |a 321p | ||
| 465 | |a Rs.160.00 | ||
| 500 | |a K K Sudhakaran | ||
| 650 | |a Malayalam fiction | ||
| 999 | |c 38913 |d 38913 | ||
| 952 | |0 0 |1 0 |4 0 |6 A_000000000000000_3_SUD2KU_P5 |7 0 |8 MAL |9 39441 |a MGUL |b MGUL |d 2013-07-16 |e Rs.160.00 |l 7 |m 2 |o A3 SUD2/KU P5 |p G01586 |r 2017-02-16 |s 2017-01-23 |w 2013-07-16 |y BK | ||